[Event "Schwarzach op 26th"]
[Site "Schwarzach"]
[Date "2011.08.27"]
[Round "8"]
[White "Tjiam, Dharma"]
[Black "Bontempi, Piero"]
[Result "0-1"]
[WhiteElo "2382"]
[BlackElo "2325"]
[PlyCount "76"]
[EventDate "2011.08.20"]
[EventType "swiss"]
[EventRounds "9"]
[EventCountry "AUT"]
[SourceTitle "CBM 144 Extra"]
[Source "ChessBase"]
[SourceDate "2011.10.28"]
[SourceVersion "1"]
[SourceVersionDate "2011.10.28"]
[SourceQuality "1"]

1. d4 d5 2. c4 e5 3. dxe5 d4 4. Nf3 Nc6 5. a3 Bg4 6. Nbd2 Qe7 7. h3 Bh5 8. b4 0-0-0 9. Bb2 Nxe5 10. Nxe5 Qxe5 11. g4 Bg6 12. Qa4 Kb8 13. Bg2 Qe6 14. 0-0 h5 15. Nf3 c5 16. bxc5 Bxc5 17. Qb5 Qb6 18. Rad1 hxg4 19. hxg4 Qc7 20. Rfe1 a6 21. Qb3 Be4 22. e3 dxe3 23. Rxd8+ Qxd8 24. fxe3 Nf6 25. Bd4 Qa5 26. Re2 Nxg4 27. Nd2 Bxg2 28. Rxg2 f5 29. Qd3 Rd8 30. Nf3 g6 31. Rd2 Ka8 32. Kg2 Re8 33. Re2 Qb6 34. a4 Qe6 35. Kg3 Bd6+ 36. Kg2 Nh2 37. Kf2 g5 38. c5 Bb8 0-1

[Event "Schwarzach op 26th"]
[Site "Schwarzach"]
[Date "2011.08.24"]
[Round "5"]
[White "Kovacevic, Blazimir"]
[Black "Tjiam, Dharma"]
[Result "0-1"]
[WhiteElo "2480"]
[BlackElo "2382"]
[PlyCount "78"]
[EventDate "2011.08.20"]
[EventType "swiss"]
[EventRounds "9"]
[EventCountry "AUT"]
[SourceTitle "CBM 144 Extra"]
[Source "ChessBase"]
[SourceDate "2011.10.28"]
[SourceVersion "1"]
[SourceVersionDate "2011.10.28"]
[SourceQuality "1"]

1. c4 Nf6 2. g3 e5 3. Bg2 Nc6 4. Nc3 Bb4 5. Nd5 Bc5 6. e3 d6 7. Ne2 Nxd5 8. cxd5 Ne7 9. d4 Bb6 10. 0-0 0-0 11. dxe5 dxe5 12. Nc3 Bd7 13. b3 Nf5 14. Ba3 Nd6 15. Ne4 Bb5 16. Re1 a5 17. Rc1 a4 18. Bc5 Bxc5 19. Rxc5 Bd7 20. Rc3 axb3 21. axb3 Bf5 22. Nc5 Qe7 23. Qe2 Ra7 24. Rec1 Rfa8 25. e4 Bc8 26. Na4 b5 27. Nc5 Ra1 28. Bf1 R8a2 29. Qe1 Rxc1 30. Qxc1 b4 31. Rc2 Rxc2 32. Qxc2 f5 33. exf5 Bxf5 34. Qe2 Kf7 35. Qh5+ Kg8 36. Na6 Bc2 37. Nxb4 Bxb3 38. Bh3 Kh8 39. Be6 Qf6 0-1

[Event "Bussum op 28th"]
[Site "Bussum"]
[Date "2011.06.12"]
[Round "4"]
[White "Tjiam, Dharma"]
[Black "Hazenberg, Frans"]
[Result "1-0"]
[WhiteElo "2392"]
[BlackElo "1957"]
[PlyCount "49"]
[EventDate "2011.06.10"]
[EventType "swiss"]
[EventRounds "7"]
[EventCountry "NED"]
[SourceTitle "CBM 142 Extra"]
[Source "ChessBase"]
[SourceDate "2011.06.27"]
[SourceVersion "1"]
[SourceVersionDate "2011.06.27"]
[SourceQuality "1"]

1. d4 Nf6 2. c4 e6 3. Nc3 c5 4. d5 exd5 5. cxd5 d6 6. e4 g6 7. Bd3 Bg7 8. Nge2 0-0 9. 0-0 Re8 10. Ng3 a6 11. a4 Nbd7 12. f4 c4 13. Bc2 Nc5 14. h3 h5 15. Qf3 h4 16. Nh1 Qb6 17. Kh2 Bd7 18. Rb1 Qc7 19. f5 Rf8 20. Bg5 Nh5 21. f6 Ng3 22. fxg7 Nxf1+ 23. Rxf1 Kxg7 24. Bf6+ Kg8 25. Bg5 1-0